Govt. of
Madhya Pradesh

Moral Values Indian Perspective Vol. II (Record no. 68900)

MARC details
000 -LEADER
fixed length control field 00265nam a22001097a 4500
082 ## - DEWEY DECIMAL CLASSIFICATION NUMBER
Classification number 170/SHA
100 ## - MAIN ENTRY--AUTHOR NAME
Personal name Shastri, Satya Vrat
245 ## - TITLE STATEMENT
Title Moral Values Indian Perspective Vol. II
260 ## - PUBLICATION, DISTRIBUTION, ETC. (IMPRINT)
Place of publication New Delhi
Name of publisher Shivalik Prakashan
Year of publication 2021
650 ## - SUBJECT ADDED ENTRY--TOPICAL TERM
Topical Term Ethics
942 ## - ADDED ENTRY ELEMENTS (KOHA)
Koha item type Books
Holdings
Withdrawn status Lost status Damaged status Not for loan Home library Current library Date acquired Cost, normal purchase price Full call number Accession Number Price effective from Koha item type
        MACL MACL 02/04/2026 1495.00 170/SHA CRE040415 02/04/2026 Books